| 000 | 00700cab a2200253 4500 | ||
|---|---|---|---|
| 001 | WB3403-34 | ||
| 008 | 090401t1998 xxu||||| |||| 00| 0 eng d | ||
| 035 | _a(Sirsi) u83282 | ||
| 041 | _aeng | ||
| 245 | _aNew standard for forests | ||
| 260 | _c1998 | ||
| 350 | _a0 | ||
| 490 |
_aIndependent _v22 January 1998, 12(1) |
||
| 520 | _aThe Forestry Commission has issued a 74 page rulebook intended to set a new standard for looking after Britain`s woodlands. | ||
| 650 | _aFOREST MANAGEMENT | ||
| 650 | _aFORESTRY COMMISSION | ||
| 650 | _aFORESTRY | ||
| 650 | _aFORESTS | ||
| 650 | _aSTANDARDS | ||
| 650 | _aWOODLANDS | ||
| 690 | _aRURAL PRACTICE | ||
| 942 | _n0 | ||
| 948 | _c23/01/1998 | ||
| 999 |
_c52594 _d52594 |
||